书目信息 |
| 题名: |
波段秘笈
|
|
| 作者: | 杨基鸿 著 | |
| 分册: | ||
| 出版信息: | 广州 广东经济出版社 2000.04 |
|
| 页数: | 220页 | |
| 开本: | 32开 | |
| 丛书名: | ||
| 单 册: | ||
| 中图分类: | F832.51 | |
| 科图分类: | ||
| 主题词: | 金融 , 银行 | |
| 电子资源: | ||
| ISBN: | 7-80632-651-0 | |
| 000 | 00556nam0 2200205 45 | |
| 001 | 0104111002 | |
| 005 | 20010411104444.5 | |
| 010 | @a7-80632-651-0@d15.00元 | |
| 100 | @a20010411d2000 km y0chiy0120 ea | |
| 101 | 0 | @achi |
| 105 | @a z 000yy | |
| 200 | 1 | @a波段秘笈@ABo Duan Mi Ji@f(台湾)杨基鸿著@F(Tai Wan)Yang Ji Hong Zhu |
| 210 | @a广州@c广东经济出版社@d2000.04 | |
| 215 | @a220页@d32开 | |
| 606 | 0 | @a金融 |
| 606 | 0 | @a银行 |
| 690 | @aF832.51@v3 | |
| 701 | 0 | @a杨基鸿@4著 |
| 801 | @aCN@bPftUser@c20010411 | |
| 905 | @b337189-191@dF832.51@eY321@f3 | |
| 波段秘笈/(台湾)杨基鸿著.-广州:广东经济出版社,2000.04 |
| 220页;32开 |
| ISBN 7-80632-651-0:15.00元 |
| ● |
| 相关链接 |
|
|
|
正题名:波段秘笈
索取号:F832.51/Y321
 
预约/预借
| 序号 | 登录号 | 条形码 | 馆藏地/架位号 | 状态 | 备注 |
| 1 | 337189 | 203371895 | 社科库409/409社科库 54排5列3层/ [索取号:F832.51/Y321] | 在馆 | |
| 2 | 337190 | 203371902 | 社科库409/409社科库 54排5列3层/ [索取号:F832.51/Y321] | 在馆 | |
| 3 | 337191 | 203371911 | 社科库409/409社科库 54排5列3层/ [索取号:F832.51/Y321] | 在馆 |